|
|
|
|
| LEADER |
00000nas a22000004a 4500 |
| 001 |
vtls008814604 |
| 003 |
SK-MaSNL |
| 005 |
20260228161110.0 |
| 008 |
060623d19772009xo ur| 0 b0slo |
| 035 |
|
|
|a (SVKBB03)vtls000060598
|
| 040 |
|
|
|a SVKPO
|b slo
|c SVKPO
|d SNK
|e AACR2
|
| 041 |
0 |
|
|a slo
|
| 044 |
|
|
|a xo
|c SK
|
| 080 |
|
|
|a 373.54
|2 2001
|
| 080 |
|
|
|a 050
|2 2001
|
| 080 |
|
|
|a 37.011.3-052
|2 2001
|
| 245 |
0 |
0 |
|a Študentské slovo
|b študentský nezávislý občasník : časopis pri Gymnáziu v Košiciach, Šrobárova 1
|
| 260 |
|
|
|a Košice
|b Gymnázium Šrobárova
|c 1977-2009
|
| 300 |
|
|
|a zv.
|c 21 cm
|
| 310 |
|
|
|a Vychádza nepravidelne
|
| 362 |
0 |
|
|a 1977-33 (2008/09)
|
| 650 |
0 |
7 |
|a gymnáziá
|2 SNKPH
|9 16386
|
| 650 |
0 |
7 |
|a študenti
|2 SNKPH
|9 3979
|
| 655 |
|
7 |
|a časopisy pre mládež
|2 SNKPH
|9 70792
|
| 850 |
|
|
|a Štátna vedecká knižnica v Prešove
|
| 910 |
|
|
|a snk
|
| 999 |
|
|
|c 4307
|d 6237
|
| 952 |
|
|
|0 0
|1 0
|4 0
|7 0
|8 0
|a SNK
|b SNK
|d 2015-07-13
|i snk2015/21447
|l 0
|o snkČSD 1504/28/2003-2004
|p 17A1145171
|r 2026-02-21 19:35:21
|t č. 1-3
|w 2026-02-21
|y PREZ
|
| 952 |
|
|
|0 0
|1 0
|4 0
|7 0
|8 0
|a SNK
|b SNK
|d 2015-07-13
|i snk2015/21450
|l 0
|o snkČSD 1504/29/2004-2005
|p 17A1145170
|r 2026-02-21 19:35:21
|t č. 1-3
|w 2026-02-21
|y PREZ
|
| 952 |
|
|
|0 0
|1 0
|4 0
|7 0
|8 0
|a SNK
|b SNK
|d 2015-07-13
|i snk2015/21453
|l 0
|o snkČSD 1504/30/2005-2006
|p 17A1145169
|r 2026-02-21 19:35:21
|t č. 1-3
|w 2026-02-21
|y PREZ
|
| 952 |
|
|
|0 0
|1 0
|4 0
|7 0
|8 0
|a SNK
|b SNK
|d 2015-07-13
|i snk2015/21454
|l 0
|o snkČSD 1504/31/2006-2007
|p 17A1145168
|r 2026-02-21 19:35:22
|t č. 1-2
|w 2026-02-21
|y PREZ
|
| 952 |
|
|
|0 0
|1 0
|4 0
|7 0
|8 0
|a SNK
|b SNK
|d 2015-07-13
|i snk2015/21457
|l 0
|o snkČSD 1504/32/2007-2008
|p 17A1145167
|r 2026-02-21 19:35:22
|t č. 1-2
|w 2026-02-21
|y PREZ
|
| 952 |
|
|
|0 0
|1 0
|4 0
|7 0
|8 0
|a SNK
|b SNK
|d 2015-07-13
|i snk2015/21458
|l 0
|o snkČSD 1504/33/2008-2009
|p 17A1145166
|r 2026-02-21 19:35:22
|t č. 1-2
|w 2026-02-21
|y PREZ
|
| 952 |
|
|
|0 0
|1 0
|4 0
|7 0
|8 0
|a SNK
|b SNK
|d 2015-07-13
|i snk2015/21435
|l 0
|o snkČSD 1504/25/2000-2001
|p 17A1145173
|r 2026-02-21 19:35:41
|t č. 1-2, neúpl.
|w 2026-02-21
|y PREZ
|
| 952 |
|
|
|0 0
|1 0
|4 0
|7 0
|8 0
|a SNK
|b SNK
|d 2015-07-13
|i snk2015/21422
|l 0
|o snkČSD 1504/17/1992-1993
|p 17A1145181
|r 2026-02-21 19:45:39
|t č. 1
|w 2026-02-21
|y PREZ
|
| 952 |
|
|
|0 0
|1 0
|4 0
|7 0
|8 0
|a SNK
|b SNK
|d 2015-07-13
|i snk2015/21425
|l 0
|o snkČSD 1504/18/1993-1994
|p 17A1145180
|r 2026-02-21 19:45:39
|t č. 1-3
|w 2026-02-21
|y PREZ
|
| 952 |
|
|
|0 0
|1 0
|4 0
|7 0
|8 0
|a SNK
|b SNK
|d 2015-07-13
|i snk2015/21426
|l 0
|o snkČSD 1504/19/1994-1995
|p 17A1145179
|r 2026-02-21 19:45:39
|t č. 1-3
|w 2026-02-21
|y PREZ
|
| 952 |
|
|
|0 0
|1 0
|4 0
|7 0
|8 0
|a SNK
|b SNK
|d 2015-07-13
|i snk2015/21427
|l 0
|o snkČSD 1504/20/1995-1996
|p 17A1145178
|r 2026-02-21 19:45:39
|t č. 1-3
|w 2026-02-21
|y PREZ
|
| 952 |
|
|
|0 0
|1 0
|4 0
|7 0
|8 0
|a SNK
|b SNK
|d 2015-07-13
|i snk2015/21428
|l 0
|o snkČSD 1504/21/1996-1997
|p 17A1145177
|r 2026-02-21 19:45:39
|t č. 1-4
|w 2026-02-21
|y PREZ
|
| 952 |
|
|
|0 0
|1 0
|4 0
|7 0
|8 0
|a SNK
|b SNK
|d 2015-07-13
|i snk2015/21432
|l 0
|o snkČSD 1504/23/1998-1999
|p 17A1145175
|r 2026-02-21 19:45:39
|t č. 1-3
|w 2026-02-21
|y PREZ
|
| 952 |
|
|
|0 0
|1 0
|4 0
|7 0
|8 0
|a SNK
|b SNK
|d 2015-07-13
|i snk2015/21433
|l 0
|o snkČSD 1504/24/1999-2000
|p 17A1145174
|r 2026-02-21 19:45:39
|t č. 1-4
|w 2026-02-21
|y PREZ
|
| 952 |
|
|
|0 0
|1 0
|4 0
|7 0
|8 0
|a SNK
|b SNK
|d 2015-07-13
|i snk2015/21431
|l 0
|o snkČSD 1504/22/1997-1998
|p 17A1145176
|r 2026-02-21 20:19:19
|t č. 1-4 + príl
|w 2026-02-21
|y PREZ
|z v č. 3 príl.: Almanach žiakov Gymnázia v Košiciach
|
| 952 |
|
|
|0 0
|1 0
|4 0
|7 0
|8 0
|a SNK
|b SNK
|d 2015-07-13
|i snk2015/21440
|l 0
|o snkČSD 1504/26/2001-2002
|p 17A1145172
|r 2026-02-21 20:19:19
|t č. 1-3
|w 2026-02-21
|y PREZ
|